006590000a22002050004500003001100000005001700011008004100028020001500069040003900084041000800123082001300131100002700144245007000171260004600241300002200287650003600309942000700345952008800352999001300440LK-CoMWRAF20231020000209.0230817t ||||| |||| 00| 0 eng d a9558095826 aLK-CoMWRAFdLK-CoMWRAFeLK-CoMWRAF aeng a820bGOO aGoonetilleke, D.C.R.A. aSri Lankan English literature and the Sri lankan people 1917-2003 aSri Lanka(Colombo) :bVijitha Yapa,c2005 avii, 318p. ; 22cm aSri Lankan literature (English) cBK 00104070aMAINbMAINd2023-08-17l0o820 GOOpRAF2371r2023-08-17w2023-08-17yBK c809d809